000 00578nam a2200205Ia 4500
003 GCL
008 140319s9999 xx 000 0 eng d
040 _aGCL /
_cGCL
082 0 4 _a891.7
_bD F
100 1 _aDOSTOEVSKY, FYODOR
245 1 0 _aLES FRERES KARAMAZOV /
_cDOSTOEVSKY, FYODOR
700 1 _aETIENNE, ROLAND
700 1 _aMONGAULT, H
260 _aفرنسا :
_bLE LIVRE DE POCHE ،
_c1962
300 _a18 CM ؛
_c2 VOL.
650 0 4 _aRUSSIAN LITERATURE
650 0 4 _aRUSSIA - FICTION
650 0 4 _aRUSSIAN LITERATURE - TRANSLATION INTO FRENCH
942 _2ddc
_cBK
999 _c4733
_d4733